000
00224nam a22001097a 4500
082
_a
622.23CHU
100
_a
Chugh
245
_a
Manual of Drilling Technology
260
_a
New Delhi
_c
1985
300
_a
567
942
_c
BK
999
_c
14186
_d
14186